Gendered laws and women in the workforce (Record no. 517620)

000 -LEADER
fixed length control field 01192nam a22001577a 4500
008 - FIXED-LENGTH DATA ELEMENTS--GENERAL INFORMATION
fixed length control field 210722b ||||| |||| 00| 0 eng d
100 ## - MAIN ENTRY--PERSONAL NAME
Personal name Hyland, M., Djankov, S. and Goldberg, P.K.
245 ## - TITLE STATEMENT
Title Gendered laws and women in the workforce
260 ## - PUBLICATION, DISTRIBUTION, ETC. (IMPRINT)
Place of publication, distribution, etc The American Economic Review: Insights
300 ## - PHYSICAL DESCRIPTION
Extent 2(4), Dec, 2020: p.475-490
520 ## - SUMMARY, ETC.
Summary, etc This paper offers for the first time a global picture of gender discrimination by the law as it affects women's economic opportunity and charts the evolution of legal inequalities over five decades. Using the World Bank's newly constructed Women, Business and the Law database, we document large and persistent gender inequalities, especially with regard to pay and treatment of parenthood. We find positive correlations between more equal laws pertaining to women in the workforce and more equal labor market outcomes, such as higher female labor force participation and a smaller wage gap between men and women. – Reproduced
650 ## - SUBJECT ADDED ENTRY--TOPICAL TERM
Topical term or geographic name as entry element Equity, Justice, Inequality, Wage Level and Structure; Wage Differentials
9 (RLIN) 27358
773 ## - HOST ITEM ENTRY
Main entry heading The American Economic Review: Insights
906 ## - LOCAL DATA ELEMENT F, LDF (RLIN)
Subject DIP LABOUR DISCRIMINATION
942 ## - ADDED ENTRY ELEMENTS (KOHA)
Item type Articles
Holdings
Withdrawn status Lost status Source of classification or shelving scheme Damaged status Not for loan Permanent location Current location Date acquired Serial Enumeration / chronology Barcode Date last seen Koha item type
          Indian Institute of Public Administration Indian Institute of Public Administration 2021-07-22 2(4), Dec, 2020: p.475-490 AR124897 2021-07-22 Articles

Powered by Koha